Diccionario Electoral /
Uloženo v:
| Korporace: | , , , |
|---|---|
| Médium: | Text |
| Vydáno: |
San José:
CAPEL
|
| Tagy: |
Přidat tag
Žádné tagy, Buďte první, kdo vytvoří štítek k tomuto záznamu!
|
MARC
| LEADER | 00000 a a2200000 04500 | ||
|---|---|---|---|
| 001 | 22392 | ||
| 003 | |||
| 040 | |||
| 020 | |a 9977-52-034-8 | ||
| 022 | |a 9977-52-034-8 | ||
| 090 | |a R1001 I59d | ||
| 110 | |a Centro Interamericano de Asesoría y Promoción Electoral | ||
| 245 | |a Diccionario Electoral / |c Centro Interamericano de Asesoría y Promoción Electoral | ||
| 260 | |a San José: |b CAPEL | ||
| 300 | |a 694 p. |b **no definido** | ||
| 710 | |a CAPEL | ||
| 710 | |a Instituto Interamericano de derechos Humanos | ||
| 710 | |a IIDH | ||
| 999 | |c 11350 |d 11350 | ||



